[Event "SF Beelen 1 - SC Klein-Berlin Rheine 1"]
[Site "Regionalliga Münsterland 2017"]
[Date "2018.04.21"]
[Round "8.1"]
[White "Brümmer, Frank"]
[Black "Henke, Wolfgang"]
[Result "1-0"]
[WhiteElo "2160"]
[BlackElo "1797"]
[PlyCount "57"]
[EventDate "2018.??.??"]
[SourceDate "2017.09.15"]

1. d4 Nf6 2. Nf3 g6 3. Nc3 c5 4. d5 d6 5. Bf4 Nh5 6. Bd2 Bg7 7. e4 O-O 8. Be2
a6 9. a4 Nd7 10. O-O Rb8 11. a5 b5 12. axb6 Qxb6 13. Ra2 Ndf6 14. e5 Ne8 15.
Ng5 Bxe5 16. Bxh5 gxh5 17. Qxh5 Nf6 18. Qh4 Bf5 19. Nf3 Bxc2 20. Nxe5 dxe5 21.
Qg3+ Bg6 22. Qxe5 Rb7 23. Rfa1 Rd8 24. Rxa6 Qxb2 25. Bh6 Rdb8 26. h3 Rb6 27.
Ra8 Qb4 28. Qxe7 c4 29. Rxb8+ 1-0

[Event "SF Beelen 1 - SC Klein-Berlin Rheine 1"]
[Site "Regionalliga Münsterland 2017"]
[Date "2018.04.21"]
[Round "8.2"]
[White "Hofene, Dieter"]
[Black "Ottens, Stephan"]
[Result "1/2-1/2"]
[WhiteElo "2007"]
[BlackElo "2116"]
[PlyCount "57"]
[EventDate "2018.??.??"]
[SourceDate "2017.09.15"]

1. e4 c5 2. Nc3 d6 3. g3 Nc6 4. Bg2 g6 5. d3 Bg7 6. Be3 e5 7. Qd2 Nge7 8. Nge2
Nd4 9. O-O O-O 10. Nd1 Bg4 11. f3 Be6 12. Nc1 b6 13. c3 Ndc6 14. Ne2 d5 15. Qc2
d4 16. Bc1 dxc3 17. bxc3 c4 18. Nf2 Qc7 19. Be3 cxd3 20. Nxd3 Nd4 21. Qd1 Nxe2+
22. Qxe2 Qxc3 23. Rfc1 Qa3 24. Nc5 bxc5 25. Bxc5 Qa5 26. Bxe7 Rfe8 27. Bc5 Rec8
28. Be3 Bf8 29. Qf2 1/2-1/2

[Event "SF Beelen 1 - SC Klein-Berlin Rheine 1"]
[Site "Regionalliga Münsterland 2017"]
[Date "2018.04.21"]
[Round "8.3"]
[White "Langhanke, Günther"]
[Black "Hanewinkel, Winfried"]
[Result "1/2-1/2"]
[WhiteElo "1961"]
[BlackElo "1905"]
[PlyCount "22"]
[EventDate "2018.??.??"]
[SourceDate "2017.09.15"]

1. e4 d5 2. exd5 Nf6 3. d4 Bg4 4. Nf3 Qxd5 5. Be2 Nc6 6. c4 Qd7 7. d5 Bxf3 8.
Bxf3 Ne5 9. Qe2 Nxf3+ 10. Qxf3 O-O-O 11. O-O e6 1/2-1/2

[Event "SF Beelen 1 - SC Klein-Berlin Rheine 1"]
[Site "Regionalliga Münsterland 2017"]
[Date "2018.04.21"]
[Round "8.4"]
[White "Cigelski, Rudolf"]
[Black "Langhans, Jörg"]
[Result "1/2-1/2"]
[WhiteElo "1836"]
[BlackElo "1937"]
[PlyCount "81"]
[EventDate "2018.??.??"]
[SourceDate "2017.09.15"]

1. d4 d5 2. c4 e6 3. Nf3 Be7 4. Bf4 Nf6 5. Nc3 O-O 6. Qc2 c5 7. e3 Nc6 8. dxc5
Bxc5 9. a3 Bd6 10. Bg5 Be7 11. Rd1 Qa5 12. Rd2 Rd8 13. Be2 d4 14. Bxf6 Bxf6 15.
Ne4 Be7 16. O-O e5 17. Rfd1 dxe3 18. Rxd8+ Bxd8 19. fxe3 h6 20. Rd5 Qc7 21. b4
Be6 22. Rd1 Be7 23. Nc3 Nd8 24. Qe4 f5 25. Qc2 Bf6 26. Nb5 Qe7 27. c5 Nf7 28.
Nd6 Rd8 29. Nxf5 Rxd1+ 30. Bxd1 Qd7 31. Ng3 Be7 32. Be2 Bd5 33. e4 Be6 34. a4
Ng5 35. Bb5 Nxf3+ 36. gxf3 Qd4+ 37. Kg2 Qxb4 38. c6 bxc6 39. Qxc6 Qd2+ 40. Ne2
Qg5+ 41. Ng3 1/2-1/2

[Event "SF Beelen 1 - SC Klein-Berlin Rheine 1"]
[Site "Regionalliga Münsterland 2017"]
[Date "2018.04.21"]
[Round "8.5"]
[White "Kornick, Ulrich"]
[Black "Hofene, Josef"]
[Result "1/2-1/2"]
[WhiteElo "1947"]
[BlackElo "1775"]
[PlyCount "38"]
[EventDate "2018.??.??"]
[SourceDate "2017.09.15"]

1. d4 d5 2. Nf3 Nf6 3. Bf4 e6 4. h3 c5 5. e3 Nc6 6. c3 Bd6 7. dxc5 Bxc5 8. Nbd2
O-O 9. Qc2 Bd6 10. Bxd6 Qxd6 11. g3 Bd7 12. Bg2 Rac8 13. a3 Na5 14. O-O Nc4 15.
Rfd1 Qb8 16. Nxc4 Rxc4 17. Rd4 Rfc8 18. Nd2 R4c5 19. Nf3 Rc4 1/2-1/2

[Event "SF Beelen 1 - SC Klein-Berlin Rheine 1"]
[Site "Regionalliga Münsterland 2017"]
[Date "2018.04.21"]
[Round "8.6"]
[White "Schemmann, Bernhard"]
[Black "Averkamp-Peters, Jens"]
[Result "0-1"]
[WhiteElo "1846"]
[BlackElo "1908"]
[PlyCount "42"]
[EventDate "2018.??.??"]
[SourceDate "2017.09.15"]

1. e4 d5 2. exd5 Nf6 3. Bb5+ c6 4. dxc6 Nxc6 5. Nf3 Bg4 6. h3 Bh5 7. d4 e6 8.
g4 Bg6 9. Nc3 Bb4 10. a3 Bxc3+ 11. bxc3 Qa5 12. Bd3 Nxd4 13. Nxd4 Qxc3+ 14. Qd2
Qxa1 15. Bb5+ Kf8 16. O-O Kg8 17. Rd1 Ne4 18. Qb4 Qc3 19. Qe7 Qxh3 20. Be2 h5
21. gxh5 Nc3 0-1

[Event "SF Beelen 1 - SC Klein-Berlin Rheine 1"]
[Site "Regionalliga Münsterland 2017"]
[Date "2018.04.21"]
[Round "8.7"]
[White "Hemmert, Michael"]
[Black "Hanewinkel, Martin"]
[Result "1-0"]
[WhiteElo "1778"]
[BlackElo "1822"]
[PlyCount "53"]
[EventDate "2018.??.??"]
[SourceDate "2017.09.15"]

1. d4 Nf6 2. Bf4 d6 3. e3 g6 4. c4 Bg7 5. Nc3 O-O 6. Nf3 c6 7. Be2 Bg4 8. h3
Bxf3 9. Bxf3 Qc7 10. O-O Nbd7 11. c5 Ne8 12. Rc1 Qa5 13. Qb3 Rb8 14. Rfd1 h6
15. Ne4 e5 16. dxe5 Nxe5 17. cxd6 Nf6 18. Rc5 Nxf3+ 19. gxf3 Qb6 20. d7 Nxe4
21. Qxb6 axb6 22. Bxb8 Bf6 23. Re5 Nc5 24. Bc7 Ne6 25. Rxe6 fxe6 26. d8=Q Bxd8
27. Rxd8 1-0

[Event "SF Beelen 1 - SC Klein-Berlin Rheine 1"]
[Site "Regionalliga Münsterland 2017"]
[Date "2018.04.21"]
[Round "8.8"]
[White "Fartmann, Franz-Josef"]
[Black "Miethe, Christoph"]
[Result "1/2-1/2"]
[WhiteElo "1805"]
[BlackElo "1708"]
[PlyCount "74"]
[EventDate "2018.??.??"]
[SourceDate "2017.09.15"]

1. Nf3 Nf6 2. g3 d5 3. Bg2 e6 4. O-O c5 5. d3 Nc6 6. c3 Be7 7. Qc2 O-O 8. Nbd2
e5 9. e4 dxe4 10. dxe4 Qc7 11. Nc4 Be6 12. Ne3 h6 13. Nh4 g6 14. Nd5 Nxd5 15.
exd5 Bxh4 16. dxe6 Bg5 17. Bxg5 hxg5 18. exf7+ Kxf7 19. Rfe1 Rae8 20. Rad1 Kg7
21. Qd2 Qd8 22. Bxc6 Qxd2 23. Rxd2 bxc6 24. Rd7+ Rf7 25. Red1 Ref8 26. f3 Rxd7
27. Rxd7+ Rf7 28. Rd3 c4 29. Re3 Rb7 30. Rxe5 Rxb2 31. Re7+ Kf6 32. Rxa7 Rc2
33. Ra6 Rxc3 34. Rxc6+ Kf5 35. a4 Rxf3 36. Rxc4 Ra3 37. Rc5+ Kg4 1/2-1/2

[Event "Schach Nienberge 1 - SK Münster 3"]
[Site "Regionalliga Münsterland 2017"]
[Date "2018.04.21"]
[Round "8.1"]
[White "Baumann, Stephan"]
[Black "Remmeke, Hans"]
[Result "0-1"]
[WhiteElo "2014"]
[BlackElo "2124"]
[PlyCount "80"]
[EventDate "2018.??.??"]
[SourceDate "2017.09.15"]

1. e4 c5 2. Nc3 Nc6 3. Bb5 Nd4 4. Bc4 a6 5. a4 e6 6. Nge2 Nf6 7. O-O d5 8. exd5
exd5 9. Nxd5 Nxd5 10. Nxd4 cxd4 11. Qh5 Be6 12. Re1 Nf4 13. Qg4 Qd6 14. d3 Nd5
15. Qxd4 O-O-O 16. Bd2 Nc7 17. Bxe6+ Nxe6 18. Qg4 h5 19. Qf5 Rd7 20. Ra3 g6 21.
Rc3+ Kb8 22. Qf3 Bg7 23. Rc4 Rc8 24. Bb4 Qd5 25. Qg3+ Rcc7 26. Rxc7 Nxc7 27.
Re8+ Ka7 28. Rc8 Be5 29. Qe3+ Bd4 30. Qd2 Qa2 31. g3 Qxa4 32. c3 Bb6 33. d4 Qb3
34. Ba3 Nb5 35. Qf4 Bc7 36. Bc5+ b6 37. Qe4 Qd5 38. Qxd5 Rxd5 39. c4 Rd8 40.
Rxd8 Bxd8 0-1

[Event "Schach Nienberge 1 - SK Münster 3"]
[Site "Regionalliga Münsterland 2017"]
[Date "2018.04.21"]
[Round "8.2"]
[White "Ringwelski, Marius"]
[Black "Wingenfeld, Klaus"]
[Result "0-1"]
[WhiteElo "1929"]
[BlackElo "1864"]
[PlyCount "104"]
[EventDate "2018.??.??"]
[SourceDate "2017.09.15"]

1. d4 Nf6 2. c4 g6 3. Nc3 d5 4. Nf3 Bg7 5. cxd5 Nxd5 6. Na4 O-O 7. e4 Nb6 8.
Nc3 Bg4 9. Be3 Nc6 10. d5 Ne5 11. Bxb6 axb6 12. Be2 c6 13. Nxe5 Bxe2 14. Kxe2
Bxe5 15. Qb3 b5 16. Rhd1 Qc7 17. g3 Rfd8 18. f4 Bxc3 19. Qxc3 Ra4 20. Kf3 Rc4
21. Qe3 Rc2 22. Rd2 Rxd2 23. Qxd2 e6 24. Rc1 exd5 25. exd5 Qd7 26. Rd1 cxd5 27.
Qd4 h5 28. Re1 Rc8 29. Re2 Rc4 30. Qe5 Qc6 31. Qe8+ Kg7 32. Qe5+ Kh7 33. f5 d4+
34. Kf2 d3 35. fxg6+ Qxg6 36. Rd2 Rc2 37. Rxc2 dxc2 38. Qc5 Qd3 39. Qxh5+ Kg8
40. Qg5+ Kf8 41. Qc5+ Kg8 42. Qg5+ Qg6 43. Qc1 Qe4 44. Qg5+ Kh7 45. b3 Qd4+ 46.
Kg2 Qb2 47. Qh5+ Kg8 48. Qg4+ Kf8 49. Qb4+ Kg7 50. Qg4+ Kf6 51. Qf4+ Ke6 52.
Qe3+ Kd7 0-1

[Event "Schach Nienberge 1 - SK Münster 3"]
[Site "Regionalliga Münsterland 2017"]
[Date "2018.04.21"]
[Round "8.3"]
[White "Leder, Nils"]
[Black "Gottkehaskamp, Philipp"]
[Result "0-1"]
[WhiteElo "1843"]
[BlackElo "1972"]
[PlyCount "78"]
[EventDate "2018.??.??"]
[SourceDate "2017.09.15"]

1. e4 Nf6 2. e5 Nd5 3. d4 d6 4. c4 Nb6 5. exd6 cxd6 6. Be3 g6 7. Bd3 Bg7 8. Ne2
O-O 9. Nbc3 Nc6 10. a3 a5 11. b3 Nd7 12. Qd2 Nf6 13. f3 d5 14. O-O e5 15. Rad1
Re8 16. Bg5 dxc4 17. Bxc4 exd4 18. Nd5 Be6 19. Nef4 Bxd5 20. Nxd5 Re5 21. Nxf6+
Bxf6 22. Bf4 Re8 23. Rfe1 Be7 24. Qa2 Bf8 25. b4 Rxe1+ 26. Rxe1 Qf6 27. Bg3
axb4 28. a4 Bh6 29. Bf2 Rd8 30. Qc2 Ne5 31. Bb3 d3 32. Qc7 d2 33. Rd1 Nd3 34.
Bxf7+ Kh8 35. Bb6 Rf8 36. Bb3 Qc3 37. Bd5 Nb2 38. Rf1 Qxc7 39. Bxc7 d1=Q 0-1

[Event "Schach Nienberge 1 - SK Münster 3"]
[Site "Regionalliga Münsterland 2017"]
[Date "2018.04.21"]
[Round "8.4"]
[White "Gottkehaskamp, Stefan"]
[Black "Peters, Helmut"]
[Result "1/2-1/2"]
[WhiteElo "1971"]
[BlackElo "2000"]
[PlyCount "31"]
[EventDate "2018.??.??"]
[SourceDate "2017.09.15"]

1. d4 Nf6 2. Bf4 d5 3. e3 e6 4. Nd2 Bd6 5. Bg3 O-O 6. Bd3 b6 7. Ngf3 Bb7 8. Ne5
Ne4 9. c3 Nd7 10. f4 f6 11. Nxd7 Qxd7 12. Qc2 f5 13. Nxe4 fxe4 14. Be2 a5 15.
Bh4 Ba6 16. Bxa6 1/2-1/2

[Event "Schach Nienberge 1 - SK Münster 3"]
[Site "Regionalliga Münsterland 2017"]
[Date "2018.04.21"]
[Round "8.5"]
[White "Vogenauer, Nikolas"]
[Black "Althoff, Franz"]
[Result "1/2-1/2"]
[WhiteElo "1767"]
[BlackElo "1974"]
[PlyCount "35"]
[EventDate "2018.??.??"]
[SourceDate "2017.09.15"]

1. e4 c5 2. Nf3 d6 3. Bb5+ Nc6 4. O-O Bd7 5. c3 Nf6 6. Re1 Qb6 7. a4 a6 8. Bf1
Bg4 9. d3 e6 10. Nbd2 Be7 11. h3 Bh5 12. Nc4 Qc7 13. Bf4 Rd8 14. g4 Bg6 15. e5
Nxe5 16. Ncxe5 dxe5 17. Nxe5 Bd6 18. Qf3 1/2-1/2

[Event "Schach Nienberge 1 - SK Münster 3"]
[Site "Regionalliga Münsterland 2017"]
[Date "2018.04.21"]
[Round "8.6"]
[White "Haas, Kai"]
[Black "Freise, Eckhard"]
[Result "1-0"]
[WhiteElo "1927"]
[BlackElo "1747"]
[PlyCount "103"]
[EventDate "2018.??.??"]
[SourceDate "2017.09.15"]

1. e4 e5 2. Nf3 Nc6 3. d3 h6 4. g3 Bc5 5. Bg2 d6 6. Nbd2 Nf6 7. c3 a5 8. a4 Be6
9. Qe2 Qc8 10. O-O O-O 11. Kh1 Re8 12. Ng1 d5 13. h3 dxe4 14. dxe4 Nh7 15. Nc4
Ng5 16. Kh2 f6 17. Ne3 Ne7 18. h4 Nf7 19. Nh3 c6 20. f3 Qc7 21. Nf2 Rad8 22.
Bh3 Bxh3 23. Nxh3 Nd6 24. Nf2 b5 25. Nd3 Bb6 26. b3 Kh7 27. Re1 c5 28. axb5
Nxb5 29. Qc2 Nd6 30. Nb2 Nb7 31. Nbc4 Ba7 32. Na3 Bb8 33. Nec4 Nd6 34. Be3 Nxc4
35. Nxc4 Nc6 36. Bxc5 Qd7 37. Red1 Qe6 38. Bb6 Rxd1 39. Qxd1 a4 40. Rxa4 f5 41.
Qd5 Qg6 42. exf5 Qxf5 43. Qe4 Rf8 44. Qxf5+ Rxf5 45. Kg2 g5 46. hxg5 Rxg5 47.
Nd2 Ne7 48. Bd8 Rg7 49. Bxe7 Rxe7 50. Ne4 Rb7 51. b4 Ba7 52. Ra5 1-0

[Event "Schach Nienberge 1 - SK Münster 3"]
[Site "Regionalliga Münsterland 2017"]
[Date "2018.04.21"]
[Round "8.7"]
[White "Ollech, Dirk"]
[Black "Keller, Dirk"]
[Result "1/2-1/2"]
[WhiteElo "1905"]
[BlackElo "1899"]
[PlyCount "55"]
[EventDate "2018.??.??"]
[SourceDate "2017.09.15"]

1. c4 c6 2. Nf3 d5 3. g3 Nf6 4. Bg2 Bg4 5. O-O Nbd7 6. d4 e6 7. b3 Bd6 8. Bb2
Qc7 9. Nbd2 O-O 10. Qc2 Bf5 11. Qc3 Ne4 12. Nxe4 Bxe4 13. Rac1 Rfe8 14. Ne5
Bxg2 15. Kxg2 Nf6 16. f3 Qe7 17. Qd3 Ba3 18. Bxa3 Qxa3 19. Rc2 Rad8 20. c5 Nd7
21. Nxd7 Rxd7 22. f4 Qa5 23. g4 Qd8 24. Qg3 Qf6 25. e3 Qg6 26. Rd2 Qe4+ 27. Qf3
Qxf3+ 28. Kxf3 1/2-1/2

[Event "Schach Nienberge 1 - SK Münster 3"]
[Site "Regionalliga Münsterland 2017"]
[Date "2018.04.21"]
[Round "8.8"]
[White "Kemper, Georg"]
[Black "Schlagheck, Thomas"]
[Result "1-0"]
[WhiteElo "1924"]
[BlackElo "1638"]
[PlyCount "61"]
[EventDate "2018.??.??"]
[SourceDate "2017.09.15"]

1. d4 c5 2. d5 d6 3. e4 e5 4. Bb5+ Bd7 5. a4 Na6 6. Nf3 Nc7 7. Bxd7+ Qxd7 8.
O-O f5 9. Nc3 f4 10. g3 fxg3 11. fxg3 Be7 12. Ng5 Nf6 13. Qe2 a6 14. b3 h6 15.
Nf3 Ng4 16. h3 Nf6 17. Kg2 O-O-O 18. Ba3 a5 19. Nb1 g5 20. Nh2 h5 21. Nd2 b6
22. Nc4 Kb7 23. c3 Rb8 24. b4 axb4 25. cxb4 Kc8 26. a5 bxa5 27. bxc5 dxc5 28.
d6 Bxd6 29. Rxf6 Ne8 30. Nxd6+ Nxd6 31. Rd1 1-0

[Event "SK Bocholt 1 - SC Gronau 1"]
[Site "Regionalliga Münsterland 2017"]
[Date "2018.04.21"]
[Round "8.1"]
[White "Bündgen, Achim"]
[Black "Fuest, Martin"]
[Result "1/2-1/2"]
[WhiteElo "2102"]
[BlackElo "2140"]
[PlyCount "40"]
[EventDate "2018.??.??"]
[SourceDate "2017.09.15"]

1. d4 d5 2. c4 c6 3. cxd5 cxd5 4. Nc3 Nf6 5. Bf4 Nc6 6. Nf3 Qb6 7. Na4 Qa5+ 8.
Bd2 Qd8 9. e3 Ne4 10. a3 e6 11. b4 Bd6 12. Bb5 O-O 13. Nc5 Nxd2 14. Qxd2 Nb8
15. O-O b6 16. Nb3 Bb7 17. Rfc1 a6 18. Bd3 Nd7 19. Nc5 Bc8 20. Nxd7 Bxd7
1/2-1/2

[Event "SK Bocholt 1 - SC Gronau 1"]
[Site "Regionalliga Münsterland 2017"]
[Date "2018.04.21"]
[Round "8.2"]
[White "Liesmann, Karsten"]
[Black "Monsma, Menno"]
[Result "1/2-1/2"]
[WhiteElo "1998"]
[BlackElo "2039"]
[PlyCount "81"]
[EventDate "2018.??.??"]
[SourceDate "2017.09.15"]

1. d4 Nf6 2. Nf3 g6 3. Nc3 Bg7 4. e4 d6 5. Be3 O-O 6. Qd2 Bg4 7. Ng5 h6 8. h3
Bd7 9. Nf3 Kh7 10. g4 Ng8 11. O-O-O b6 12. Be2 c5 13. Rdg1 Nc6 14. d5 Ne5 15.
Ng5+ Kh8 16. f4 f6 17. fxe5 fxg5 18. e6 Be8 19. e5 Bxe5 20. h4 b5 21. Ne4 Rf4
22. Nxg5 Ra4 23. Nf7+ Bxf7 24. exf7 Rxa2 25. fxg8=Q+ Kxg8 26. c3 b4 27. Qd3 Qe8
28. Qb1 Ra5 29. c4 b3 30. Bd1 Rb8 31. h5 Ra2 32. Rg2 Qa4 33. Qxg6+ Bg7 34. Qe4
Qa5 35. Bxb3 Rxb3 36. Qe6+ Kh8 37. Qc8+ Kh7 38. Qf5+ Kg8 39. Qe6+ Kh7 40. Qf5+
Kg8 41. Qe6+ 1/2-1/2

[Event "SK Bocholt 1 - SC Gronau 1"]
[Site "Regionalliga Münsterland 2017"]
[Date "2018.04.21"]
[Round "8.3"]
[White "Lütkehermölle, Martin"]
[Black "Hunhoff, Sebastian"]
[Result "1/2-1/2"]
[WhiteElo "1972"]
[BlackElo "1951"]
[PlyCount "102"]
[EventDate "2018.??.??"]
[SourceDate "2017.09.15"]

1. d4 Nf6 2. c4 e5 3. dxe5 Ng4 4. Bf4 Nc6 5. Nf3 Bb4+ 6. Nbd2 Qe7 7. e3 O-O 8.
Be2 Ngxe5 9. Nxe5 Nxe5 10. O-O Bxd2 11. Qxd2 d6 12. b4 a5 13. a3 Bd7 14. Qc3 b6
15. c5 bxc5 16. bxc5 Rfe8 17. Rfd1 Bf5 18. Rd2 f6 19. Rad1 Red8 20. cxd6 cxd6
21. Rd5 Rdc8 22. Qe1 Rc6 23. Rxa5 Rxa5 24. Qxa5 Rc2 25. Qb5 Be6 26. e4 Ra2 27.
Bc1 g5 28. Kf1 Kg7 29. Qb4 Qa7 30. Rd2 Qc7 31. Bb2 Bc4 32. Qc3 Bxe2+ 33. Rxe2
Qxc3 34. Bxc3 Rxa3 35. Bb4 Ra1+ 36. Be1 Kf7 37. Rd2 Ke6 38. Ke2 h5 39. f3 Rb1
40. h4 g4 41. f4 Nc4 42. Rd5 Rb2+ 43. Kd3 Nb6 44. Rxh5 Rxg2 45. Rh7 Na4 46. Kd4
f5 47. Rh6+ Ke7 48. Bb4 Nc5 49. exf5 Rf2 50. f6+ Kf7 51. Bxc5 Rxf4+ 1/2-1/2

[Event "SK Bocholt 1 - SC Gronau 1"]
[Site "Regionalliga Münsterland 2017"]
[Date "2018.04.21"]
[Round "8.4"]
[White "Naumann, Felix"]
[Black "Langendijk, Andre"]
[Result "0-1"]
[WhiteElo "1882"]
[BlackElo "1913"]
[PlyCount "28"]
[EventDate "2018.??.??"]
[SourceDate "2017.09.15"]

1. d4 Nf6 2. Nf3 e6 3. Bf4 c5 4. Nc3 cxd4 5. Nxd4 a6 6. e4 Bb4 7. f3 O-O 8. Qd2
d5 9. e5 Nfd7 10. O-O-O Nc6 11. Bg5 Qa5 12. Nxc6 bxc6 13. Bd3 Bxc3 14. bxc3
Qa3+ 0-1

[Event "SK Bocholt 1 - SC Gronau 1"]
[Site "Regionalliga Münsterland 2017"]
[Date "2018.04.21"]
[Round "8.5"]
[White "Reinhold, Klaus"]
[Black "Steiner, Karl"]
[Result "1/2-1/2"]
[WhiteElo "1852"]
[BlackElo "1926"]
[PlyCount "73"]
[EventDate "2018.??.??"]
[SourceDate "2017.09.15"]

1. d4 d5 2. c4 e6 3. Nf3 c6 4. e3 f5 5. Nbd2 Nf6 6. g3 Be7 7. Bg2 O-O 8. O-O
Bd7 9. b3 Be8 10. Bb2 Bh5 11. Qc2 Bxf3 12. Nxf3 g6 13. Rad1 Ne4 14. Ne5 Nd7 15.
f3 Nef6 16. e4 Qb6 17. Nxd7 Nxd7 18. exd5 exd5 19. Qe2 Bf6 20. Qe6+ Rf7 21.
cxd5 Nf8 22. Qe2 cxd5 23. f4 Rd8 24. Rfe1 Qb4 25. Qd2 Qxd2 26. Rxd2 Rc7 27. Kf1
Kf7 28. Rde2 Rc6 29. Kf2 Ne6 30. Ke3 Nc7 31. Kd3 Rdd6 32. Ba3 Re6 33. Rxe6 Rxe6
34. Rc1 Rc6 35. Re1 Ra6 36. Rc1 Rc6 37. Re1 1/2-1/2

[Event "SK Bocholt 1 - SC Gronau 1"]
[Site "Regionalliga Münsterland 2017"]
[Date "2018.04.21"]
[Round "8.6"]
[White "Hunhoff, Andreas"]
[Black "Hoge, Torsten"]
[Result "1/2-1/2"]
[WhiteElo "1813"]
[BlackElo "1890"]
[PlyCount "20"]
[EventDate "2018.??.??"]
[SourceDate "2017.09.15"]

1. f4 d5 2. Nf3 Nf6 3. e3 Bg4 4. Be2 e6 5. d3 Nbd7 6. Bd2 c6 7. Ne5 Bxe2 8.
Qxe2 Nxe5 9. fxe5 Nd7 10. d4 f5 1/2-1/2

[Event "SK Bocholt 1 - SC Gronau 1"]
[Site "Regionalliga Münsterland 2017"]
[Date "2018.04.21"]
[Round "8.7"]
[White "Reckzügel, Philipp"]
[Black "Wüstnienhaus, Andreas"]
[Result "1/2-1/2"]
[WhiteElo "1935"]
[BlackElo "1849"]
[PlyCount "32"]
[EventDate "2018.??.??"]
[SourceDate "2017.09.15"]

1. d4 d5 2. c4 c6 3. e3 Nf6 4. Nc3 g6 5. Nf3 Bg7 6. Bd3 O-O 7. O-O Bf5 8. Bxf5
gxf5 9. b3 Ne4 10. Bb2 e6 11. Ne2 Nd7 12. Nf4 Re8 13. cxd5 cxd5 14. Rc1 Nf8 15.
Nd3 Rc8 16. Qe2 Re7 1/2-1/2

[Event "SK Bocholt 1 - SC Gronau 1"]
[Site "Regionalliga Münsterland 2017"]
[Date "2018.04.21"]
[Round "8.8"]
[White "Böing, Franz-Josef"]
[Black "Klönne, Tim"]
[Result "1/2-1/2"]
[WhiteElo "1736"]
[BlackElo "1821"]
[PlyCount "27"]
[EventDate "2018.??.??"]
[SourceDate "2017.09.15"]

1. d4 Nf6 2. c4 g6 3. Nc3 d5 4. e3 Bg7 5. Nf3 O-O 6. Qb3 c6 7. Be2 b6 8. cxd5
cxd5 9. Ne5 Bb7 10. O-O Nc6 11. Nxc6 Bxc6 12. Bd2 Qd7 13. Rfc1 Rfc8 14. Bb5
1/2-1/2

[Event "SK Münster 2 - SG Turm Raesfeld/Erle 1"]
[Site "Regionalliga Münsterland 2017"]
[Date "2018.04.21"]
[Round "8.1"]
[White "Wilger, Frank"]
[Black "Wieder, Heiner"]
[Result "1-0"]
[WhiteElo "2108"]
[BlackElo "2089"]
[PlyCount "77"]
[EventDate "2018.??.??"]
[SourceDate "2017.09.15"]

1. d4 f5 2. Bg5 g6 3. e4 fxe4 4. Nc3 d5 5. f3 e3 6. Qd3 Bg7 7. O-O-O c6 8. Qxe3
Nd7 9. Nh3 Nf8 10. g4 Be6 11. Kb1 Qd7 12. Na4 b6 13. Qa3 h5 14. Nxb6 Qb7 15.
Nxa8 Qxa8 16. Be2 Nf6 17. Nf4 hxg4 18. fxg4 Qb7 19. Bxf6 Bxf6 20. h3 Bf7 21.
Rhe1 Nd7 22. Bd3 g5 23. Nh5 Bxh5 24. gxh5 Kf8 25. Bg6 c5 26. Rf1 Kg7 27. c3 Rb8
28. Rf2 e5 29. dxc5 d4 30. Qb3 Qxb3 31. axb3 Nxc5 32. b4 Ne6 33. Be4 Nf4 34.
cxd4 exd4 35. Rc2 Be5 36. Rc6 Nxh3 37. Rg6+ Kf8 38. Rf1+ Bf4 39. Bg2 1-0

[Event "SK Münster 2 - SG Turm Raesfeld/Erle 1"]
[Site "Regionalliga Münsterland 2017"]
[Date "2018.04.21"]
[Round "8.2"]
[White "Borrink, Jörn"]
[Black "Pollok, Ralf"]
[Result "0-1"]
[WhiteElo "2104"]
[BlackElo "1987"]
[PlyCount "118"]
[EventDate "2018.??.??"]
[SourceDate "2017.09.15"]

1. e4 d5 2. exd5 Qxd5 3. Nc3 Qd8 4. d4 Nf6 5. Bg5 Bg4 6. Qd2 c6 7. h3 Bh5 8.
Nge2 Bxe2 9. Bxe2 e6 10. O-O Nbd7 11. Rfe1 Bb4 12. a3 Be7 13. Rad1 O-O 14. Bf3
Qc7 15. Qc1 Bd6 16. Ne4 Nxe4 17. Rxe4 f6 18. Bf4 Bxf4 19. Qxf4 Qxf4 20. Rxf4 e5
21. dxe5 Nxe5 22. Be2 Rfd8 23. Rfd4 Rxd4 24. Rxd4 Re8 25. f4 Nf7 26. Kf2 Kf8
27. Bd3 h6 28. Bg6 Rd8 29. Ra4 a6 30. Ke3 Nd6 31. Rd4 Ke7 32. g4 c5 33. Rd3
Nc4+ 34. Ke4 Rxd3 35. cxd3 Nxb2 36. Kd5 Na4 37. Bf5 b5 38. h4 a5 39. Bh7 b4 40.
axb4 axb4 41. d4 cxd4 42. Kxd4 Kd6 43. g5 Nc5 44. gxf6 gxf6 45. Bb1 Nb3+ 46.
Kd3 Kc5 47. Bc2 Nd4 48. Bd1 f5 49. Ba4 Ne6 50. Bc2 Nxf4+ 51. Kd2 Ng6 52. Bxf5
Nxh4 53. Bg4 Kd4 54. Kc2 Ng2 55. Kb3 Kc5 56. Bf3 Nf4 57. Kc2 h5 58. Kd2 Kd4 59.
Ke1 b3 0-1

[Event "SK Münster 2 - SG Turm Raesfeld/Erle 1"]
[Site "Regionalliga Münsterland 2017"]
[Date "2018.04.21"]
[Round "8.3"]
[White "Gesing, Felix"]
[Black "Müschenich, Stefan"]
[Result "0-1"]
[WhiteElo "1980"]
[BlackElo "2082"]
[PlyCount "88"]
[EventDate "2018.??.??"]
[SourceDate "2017.09.15"]

1. d4 Nf6 2. Nf3 c5 3. e3 e6 4. Bd3 b6 5. c4 Be7 6. Nc3 O-O 7. O-O d5 8. b3 Bb7
9. Qc2 Nc6 10. Ba3 cxd4 11. Bxe7 Qxe7 12. exd4 Nb4 13. Qe2 Nxd3 14. Qxd3 dxc4
15. bxc4 Bxf3 16. Qxf3 Rac8 17. c5 bxc5 18. dxc5 Rxc5 19. Ne4 Nxe4 20. Qxe4 f5
21. Qf3 e5 22. Rab1 e4 23. Qa3 Re8 24. Rfd1 Re5 25. Qe3 Qf7 26. g3 h6 27. a4
Kh7 28. Rd6 R8e7 29. Rb8 Rd5 30. Rc6 Rc7 31. Rc8 Rxc8 32. Rxc8 Rd3 33. Qc5 Rd1+
34. Kg2 Qd5 35. Qf8 e3+ 36. Kh3 exf2 37. Qh8+ Kg6 38. Qe8+ Kh7 39. Qh8+ Kg6 40.
Qe8+ Kg5 41. Qe7+ Kg6 42. Qe8+ Qf7 43. Rc6+ Kh7 44. Rxh6+ Kxh6 0-1

[Event "SK Münster 2 - SG Turm Raesfeld/Erle 1"]
[Site "Regionalliga Münsterland 2017"]
[Date "2018.04.21"]
[Round "8.4"]
[White "Austrup, David"]
[Black "Greifenberg, Daniel"]
[Result "0-1"]
[WhiteElo "2008"]
[BlackElo "2006"]
[PlyCount "80"]
[EventDate "2018.??.??"]
[SourceDate "2017.09.15"]

1. e4 c6 2. d4 d5 3. exd5 cxd5 4. c4 Nf6 5. Nc3 e6 6. Nf3 Be7 7. cxd5 Nxd5 8.
Bd3 Nc6 9. O-O O-O 10. Re1 Bf6 11. a3 Qa5 12. Nxd5 Qxd5 13. Be4 Qd6 14. Qd3 h6
15. Be3 b6 16. Rad1 Rd8 17. b4 Bb7 18. Re2 Rd7 19. Red2 Ne7 20. Ne5 Bxe4 21.
Qxe4 Rdd8 22. Ng4 Bg5 23. Bxg5 hxg5 24. Ne5 Qd5 25. Qg4 f6 26. Nf3 Kf7 27. Re1
Qf5 28. h3 Rd6 29. Qxf5 Nxf5 30. Rc1 Rad8 31. Kf1 R8d7 32. Rcd1 Rd5 33. Ke2 Rc7
34. Ne1 Nd6 35. f3 Nb5 36. Kf2 Nxa3 37. Ra1 Nb5 38. Nc2 e5 39. Rad1 Rcd7 40.
Ke3 f5 0-1

[Event "SK Münster 2 - SG Turm Raesfeld/Erle 1"]
[Site "Regionalliga Münsterland 2017"]
[Date "2018.04.21"]
[Round "8.5"]
[White "Brömmel, Rudolf"]
[Black "Quante, Lennart"]
[Result "0-1"]
[WhiteElo "1901"]
[BlackElo "2023"]
[PlyCount "54"]
[EventDate "2018.??.??"]
[SourceDate "2017.09.15"]

1. c4 g6 2. Nc3 Bg7 3. b3 Nf6 4. Bb2 d5 5. Nxd5 O-O 6. Nxf6+ exf6 7. Nf3 Re8 8.
e3 c5 9. Be2 Nc6 10. O-O Qc7 11. d4 f5 12. Rb1 f4 13. d5 Ne5 14. d6 Qd8 15.
exf4 Nxf3+ 16. Bxf3 Bf5 17. Bxg7 Bxb1 18. Bh6 Be4 19. Re1 Bxf3 20. Rxe8+ Qxe8
21. gxf3 Qe6 22. f5 Qxf5 23. b4 g5 24. d7 Rd8 25. Qd6 Qe6 26. Qxc5 Qxh6 27. Qe7
Qf8 0-1